000 00696nam a22001697a 4500
005 20251106110650.0
008 251103b |||||||| |||| 00| 0 eng d
020 _a9786214184316
082 _aDFil 363.289 Ay23 2026
100 _aAyeo-eo, Shirley P.
_969107
245 _aIntroduction to industrial security concepts :
_bTOS-based textbook for criminology and industrial security students and professionals /
_cShirley P. Ayeo-eo.
260 _aQuezon City :
_bWiseman's Books Trading, Inc.,
_c©2026.
300 _av, 170 pages :
_billustrations ;
_c22 cm.
650 0 _aIndustries
_xSecurity measures.
_969256
650 0 _aPrivate security services
_xManagement.
_969257
942 _2ddc
_cDFIL
999 _c24124
_d24124